| 000 | 00875nam a2200253 i 4500 | ||
|---|---|---|---|
| 001 | 7236 | ||
| 003 | ES-MaACL | ||
| 005 | 20230906145206.0 | ||
| 007 | t| | ||
| 008 | 901112s1988 sp ||||1| spa d | ||
| 020 | _a84-7472-092-3 | ||
| 080 | _a893.1-31"19" | ||
| 080 | _a893.1(Mahfuz,N.7 P.03=6) | ||
| 100 | 1 |
_aMahfuz, Naguib. _975531 |
|
| 245 | 1 | 0 |
_aPrincipio y fin / _cNaguib Mahfuz ; novela traducida del arabe por Marcelino Villegas. |
| 260 |
_aMadrid : _bInstituto Hispano Arabe de Cultura, _c1988. |
||
| 300 |
_a324 p. ; _c19 cm. |
||
| 490 | 1 |
_aColección de autores árabes contemporáneos ; _v17 |
|
| 700 | 1 |
_aVillegas, Marcelino. _9115209 |
|
| 710 | 2 |
_aInstituto Hispano-Árabe de Cultura. _9162165 |
|
| 830 | 0 |
_aColección de autores árabes contemporáneos ; _v17 _9177838 |
|
| 852 |
_aES-MaACL _jL-14577 _bR.118402 _z. - rust. |
||
| 999 |
_c7236 _d7236 |
||